Letteratura greca - Statistics

Statistiche generali
  • Questo quiz è stato fatto 244 volte
  • Il punteggio medio è 15 su 25
Statistiche sulle risposte
Opera Autore % Corretto
Iliade Omero
99%
Simposio Platone
90%
Edipo Re Sofocle
90%
Baccanti Euripide
87%
Etica Nicomachea Aristotele
82%
Sette contro Tebe Eschilo
79%
Storie (Ἱστορίαι) Erodoto
74%
Storie (Guerra del Peloponneso) Tucidide
74%
Teogonia Esiodo
72%
Vite parallele Plutarco
70%
Argonautiche Apollonio Rodio
67%
Filippiche Demostene
67%
Acarnesi Aristofane
65%
Contro Eratostene Lisia
62%
Aitia Callimaco
58%
Elleniche Senofonte
56%
La storia vera Luciano
53%
La donna rapata Menandro
47%
Areopagitico Isocrate
43%
Colloqui con se stesso (Pensieri; Ricordi) Marco Aurelio
40%
Lettera a Meneceo Epicuro
38%
Storie (Ἱστορίαι) Polibio
34%
Elementi (Στοιχεῖα) Euclide
33%
Vite dei filosofi Diogene Laerzio
28%
Etiopiche Eliodoro
19%
Nessun quiz corrispondente trovato
Distribuzione punteggi
Percentuale di utenti per punteggio
Percentile per numero di risposta
I tuoi punteggi nel tempo
Non hai fatto questo quiz